[Event "Air Force ch"]
[Site "?"]
[Date "1988.??.??"]
[Round "11"]
[White "Waldowski, P."]
[Black "Dean, M."]
[Result "1/2-1/2"]
[WhiteElo "2120"]
[BlackElo "2205"]
[PlyCount "20"]
[EventDate "1988.??.??"]

1. e4 e6 2. d4 d5 3. e5 c5 4. Nf3 Nc6 5. Bd3 c4 6. Be2 Nge7 7. O-O Nf5 8. b3
cxb3 9. axb3 Qb6 10. Bb2 Be7 1/2-1/2

[Event "Air Force ch"]
[Site "?"]
[Date "1992.??.??"]
[Round "7"]
[White "Barcarola, L."]
[Black "Moore, B."]
[Result "1/2-1/2"]
[WhiteElo "2100"]
[BlackElo "2260"]
[PlyCount "20"]
[EventDate "1992.??.??"]

1. e4 c5 2. Nf3 d6 3. d4 cxd4 4. Nxd4 Nf6 5. Nc3 a6 6. Be2 e5 7. Nb3 Be7 8. O-O
Be6 9. f4 exf4 10. Bxf4 Nc6 1/2-1/2

[Event "Air Force ch"]
[Site "?"]
[Date "1991.??.??"]
[Round "9"]
[White "Moore, B."]
[Black "Waldowski, P."]
[Result "1/2-1/2"]
[WhiteElo "2270"]
[BlackElo "2180"]
[PlyCount "22"]
[EventDate "1991.??.??"]

1. e4 c6 2. d4 d5 3. exd5 cxd5 4. c4 Nf6 5. Nc3 g6 6. Qb3 Bg7 7. cxd5 O-O 8.
Be2 Nbd7 9. Bf3 Nb6 10. Nge2 Ne8 11. O-O Bf5 1/2-1/2

[Event "Air Force ch"]
[Site "?"]
[Date "1987.??.??"]
[Round "9"]
[White "Lankey, B."]
[Black "Moore, B."]
[Result "1/2-1/2"]
[WhiteElo "2205"]
[BlackElo "2275"]
[PlyCount "22"]
[EventDate "1987.??.??"]

1. d4 Nf6 2. c4 g6 3. Nc3 Bg7 4. e4 d6 5. Nf3 O-O 6. Be2 e5 7. dxe5 dxe5 8.
Qxd8 Rxd8 9. Bg5 Na6 10. Nd5 Rd6 11. Nxf6+ Bxf6 1/2-1/2

[Event "1991 Armed Forces Ch"]
[Site "?"]
[Date "1991.??.??"]
[Round "12"]
[White "Hughes, A."]
[Black "Langreck, J."]
[Result "1/2-1/2"]
[WhiteElo "2085"]
[BlackElo "2040"]
[PlyCount "22"]
[EventDate "1991.??.??"]

1. e4 e5 2. Nf3 Nc6 3. d4 exd4 4. Nxd4 Nf6 5. Nxc6 bxc6 6. e5 Qe7 7. Qe2 Nd5 8.
Nd2 f6 9. Nf3 fxe5 10. Nxe5 Bb7 11. Nd3 Qxe2+ 1/2-1/2

[Event "Air Force ch"]
[Site "?"]
[Date "1992.??.??"]
[Round "8"]
[White "Echaure, S."]
[Black "Barcarola, L."]
[Result "1/2-1/2"]
[WhiteElo "2075"]
[BlackElo "2100"]
[PlyCount "22"]
[EventDate "1992.??.??"]

1. e4 c5 2. Nf3 d6 3. Nc3 Nf6 4. Bb5+ Bd7 5. Bxd7+ Qxd7 6. d4 cxd4 7. Nxd4 Nc6
8. O-O g6 9. f3 Bg7 10. Be3 O-O 11. Qd2 Nxd4 1/2-1/2

[Event "Air Force ch"]
[Site "?"]
[Date "1992.??.??"]
[Round "9"]
[White "Waldowski, P."]
[Black "Garcia, M."]
[Result "1/2-1/2"]
[WhiteElo "2135"]
[BlackElo "1960"]
[PlyCount "23"]
[EventDate "1992.??.??"]

1. e4 c5 2. Nf3 d6 3. d4 cxd4 4. Nxd4 Nf6 5. Nc3 g6 6. Be2 Bg7 7. O-O Nc6 8.
Be3 Bd7 9. f4 Rc8 10. Kh1 a6 11. a4 O-O 12. Nxc6 1/2-1/2

[Event "1991 Armed Forces Ch"]
[Site "?"]
[Date "1991.??.??"]
[Round "11"]
[White "Regensberg, W."]
[Black "Lankey, B."]
[Result "1/2-1/2"]
[WhiteElo "2170"]
[BlackElo "2185"]
[PlyCount "23"]
[EventDate "1991.??.??"]

1. d4 f5 2. c4 Nf6 3. g3 e6 4. Bg2 d5 5. Nf3 Bd6 6. O-O O-O 7. Nc3 c6 8. Qc2 b6
9. Bf4 Ne4 10. Bxd6 Qxd6 11. Ne5 Nd7 12. Nxd7 1/2-1/2

[Event "Air Force ch"]
[Site "?"]
[Date "1992.??.??"]
[Round "6"]
[White "Moore, B."]
[Black "Wilson, E."]
[Result "1/2-1/2"]
[WhiteElo "2260"]
[BlackElo "2205"]
[PlyCount "23"]
[EventDate "1992.??.??"]

1. e4 c5 2. d4 cxd4 3. c3 d3 4. c4 Nf6 5. Bxd3 d6 6. Nc3 e6 7. Nf3 a6 8. h3
Nbd7 9. O-O b6 10. Qe2 Qc7 11. Bf4 Ne5 12. Rac1 1/2-1/2

[Event "1990 Army ch"]
[Site "?"]
[Date "1990.??.??"]
[Round "8"]
[White "Highley, E."]
[Black "Langreck, J."]
[Result "1/2-1/2"]
[WhiteElo "1800"]
[BlackElo "1930"]
[PlyCount "23"]
[EventDate "1990.??.??"]

1. e4 c6 2. d4 d5 3. Nc3 dxe4 4. Nxe4 Nf6 5. Nxf6+ exf6 6. c3 Bd6 7. Bd3 O-O 8.
Qc2 Re8+ 9. Ne2 g6 10. O-O Nd7 11. Ng3 f5 12. Bh6 1/2-1/2

[Event "1991 Armed Forces Ch"]
[Site "?"]
[Date "1991.??.??"]
[Round "8"]
[White "Moore, B."]
[Black "Hughes, A."]
[Result "1-0"]
[WhiteElo "2275"]
[BlackElo "2085"]
[Annotator "Wall,Bill"]
[PlyCount "25"]
[EventDate "1991.??.??"]

1. e4 e5 2. Nf3 Nc6 3. d4 exd4 4. Nxd4 Nf6 5. Nxc6 bxc6 6. e5 Qe7 7. Qe2 Nd5 8.
Nd2 Qe6 9. c4 Ba6 $4 (9... Nb4) 10. cxd5 Bxe2 11. dxe6 Bxf1 12. exd7+ Kxd7 13.
Nxf1 1-0

[Event "1990 Army ch"]
[Site "?"]
[Date "1990.??.??"]
[Round "7"]
[White "Fewell, D."]
[Black "Highley, E."]
[Result "0-1"]
[WhiteElo "1830"]
[BlackElo "1800"]
[Annotator "Wall,Bill"]
[PlyCount "26"]
[EventDate "1990.??.??"]

1. e4 c5 2. Bc4 e6 3. Nc3 Nc6 4. f4 Nge7 5. Qf3 g6 6. e5 Nd4 7. Qd1 Bg7 8. Ne4
Nef5 9. g3 (9. Ne2) 9... d5 10. exd6 Nxd6 11. Nxd6+ Qxd6 12. c3 $2 (12. Nf3)
12... Qc6 13. Kf2 Qxh1 0-1

[Event "1990 Army ch"]
[Site "?"]
[Date "1990.??.??"]
[Round "7"]
[White "Fewell, D."]
[Black "Highley, E."]
[Result "0-1"]
[WhiteElo "1830"]
[BlackElo "1800"]
[Annotator "Wall,Bill"]
[PlyCount "26"]
[EventDate "1990.??.??"]

1. e4 c5 2. Bc4 e6 3. Nc3 Nc6 4. f4 Nge7 5. Qf3 g6 6. e5 Nd4 7. Qd1 Bg7 8. Ne4
Nef5 9. g3 d5 10. exd6 Nxd6 11. Nxd6+ Qxd6 12. c3 $2 (12. Nf3) 12... Qc6 13.
Kf2 Qxh1 0-1

[Event "Air Force ch"]
[Site "?"]
[Date "1989.??.??"]
[Round "2"]
[White "Dean, M."]
[Black "Moore, B."]
[Result "1/2-1/2"]
[WhiteElo "2215"]
[BlackElo "2265"]
[PlyCount "25"]
[EventDate "1989.??.??"]

1. d4 Nf6 2. Nf3 g6 3. g3 Bg7 4. Bg2 O-O 5. c4 c6 6. O-O d5 7. cxd5 cxd5 8. Nc3
Ne4 9. Qb3 Nxc3 10. Qxc3 Nc6 11. Bg5 Bg4 12. Be3 Rc8 13. Qd2 1/2-1/2

[Event "1991 Armed Forces Ch"]
[Site "?"]
[Date "1991.??.??"]
[Round "7"]
[White "Barcarola, L."]
[Black "Langreck, J."]
[Result "1/2-1/2"]
[WhiteElo "2160"]
[BlackElo "2040"]
[PlyCount "26"]
[EventDate "1991.??.??"]

1. d4 Nf6 2. c4 c5 3. d5 b5 4. cxb5 a6 5. bxa6 g6 6. b3 Bg7 7. Bb2 O-O 8. g3
Nxa6 9. Bg2 Bb7 10. Nh3 Nb4 11. O-O d6 12. a4 Bxd5 13. Bxd5 Nfxd5 1/2-1/2

[Event "Air Force ch"]
[Site "?"]
[Date "1988.??.??"]
[Round "3"]
[White "Dean, M."]
[Black "Moore, B."]
[Result "1/2-1/2"]
[WhiteElo "2205"]
[BlackElo "2270"]
[PlyCount "27"]
[EventDate "1988.??.??"]

1. c4 g6 2. g3 Bg7 3. Bg2 Nf6 4. Nc3 O-O 5. Nf3 d5 6. cxd5 Nxd5 7. O-O c5 8.
Nxd5 Qxd5 9. d3 Nc6 10. Nd2 Qe6 11. Nc4 b6 12. Bd2 Bb7 13. Bc3 Rab8 14. Bxg7
1/2-1/2

[Event "Air Force ch"]
[Site "?"]
[Date "1992.??.??"]
[Round "1"]
[White "Smith, B."]
[Black "Wilson, M."]
[Result "1/2-1/2"]
[WhiteElo "1815"]
[BlackElo "1930"]
[PlyCount "30"]
[EventDate "1992.??.??"]

1. c4 e5 2. Nc3 Nf6 3. Nf3 Nc6 4. d4 exd4 5. Nxd4 Bc5 6. Nxc6 bxc6 7. Bg5 Bxf2+
8. Kd2 h6 9. Bxf6 Qxf6 10. Kc2 d6 11. e4 Bd4 12. Qd2 Bxc3 13. Qxc3 Qxc3+ 14.
Kxc3 Be6 15. Be2 Ke7 1/2-1/2

[Event "1991 Armed Forces Ch"]
[Site "?"]
[Date "1991.??.??"]
[Round "10"]
[White "Lankey, B."]
[Black "Smithwick, J."]
[Result "1/2-1/2"]
[WhiteElo "2185"]
[BlackElo "2170"]
[PlyCount "30"]
[EventDate "1991.??.??"]

1. d4 e6 2. Nf3 d5 3. e3 Nf6 4. Bd3 g6 5. O-O Bg7 6. Nbd2 O-O 7. c3 b6 8. Qe2
Bb7 9. e4 dxe4 10. Nxe4 Nxe4 11. Bxe4 Bxe4 12. Qxe4 Qd5 13. Qxd5 exd5 14. Bf4
Rc8 15. Rfe1 Nc6 1/2-1/2

[Event "1990 Army ch"]
[Site "?"]
[Date "1990.??.??"]
[Round "10"]
[White "Highley, E."]
[Black "Vanzuela, M."]
[Result "1-0"]
[WhiteElo "1800"]
[BlackElo "1980"]
[Annotator "Wall,Bill"]
[PlyCount "29"]
[EventDate "1990.??.??"]

1. e4 e5 2. Nf3 Nc6 3. d4 exd4 4. Bc4 Be7 5. Nxd4 Na5 6. Bxf7+ Kxf7 7. Qh5+ g6
8. Qxa5 Kg7 (8... Nf6) 9. Nc3 b6 10. Qb5 c6 11. Qe2 Nh6 12. Be3 a5 13. Rd1 Qc7
14. O-O Qd8 $2 (14... Nf7) 15. Ne6+ 1-0

[Event "1990 Army ch"]
[Site "?"]
[Date "1990.??.??"]
[Round "10"]
[White "Highley, E."]
[Black "Vanzuela, M."]
[Result "1-0"]
[WhiteElo "1800"]
[BlackElo "1980"]
[PlyCount "29"]
[EventDate "1990.??.??"]

1. e4 e5 2. Nf3 Nc6 3. d4 exd4 4. Bc4 Be7 5. Nxd4 Na5 6. Bxf7+ Kxf7 7. Qh5+ g6
8. Qxa5 Kg7 9. Nc3 b6 10. Qb5 c6 11. Qe2 Nh6 12. Be3 a5 13. Rd1 Qc7 14. O-O Qd8
15. Ne6+ 1-0

[Event "1991 Armed Forces Ch"]
[Site "?"]
[Date "1991.??.??"]
[Round "6"]
[White "Barcarola, L."]
[Black "Smithwick, J."]
[Result "1/2-1/2"]
[WhiteElo "2160"]
[BlackElo "2170"]
[PlyCount "29"]
[EventDate "1991.??.??"]

1. d4 d5 2. c4 e5 3. dxe5 d4 4. Nf3 Nc6 5. g3 Bg4 6. Bg2 Qd7 7. O-O O-O-O 8.
Qa4 Kb8 9. Qb3 a6 10. Nxd4 Na5 11. Qc3 Qxd4 12. Qxa5 Bxe2 13. Re1 Bxc4 14. Qc3
Bc5 15. Be3 1/2-1/2

[Event "Air Force ch"]
[Site "?"]
[Date "1988.??.??"]
[Round "6"]
[White "Tate, E."]
[Black "Waldowski, P."]
[Result "1/2-1/2"]
[WhiteElo "2400"]
[BlackElo "2120"]
[PlyCount "31"]
[EventDate "1988.??.??"]

1. e4 Nf6 2. e5 Nd5 3. c4 Nb6 4. a4 a5 5. Ra3 d6 6. exd6 cxd6 7. d4 Bf5 8. Nc3
N8d7 9. Qf3 e6 10. Nb5 Be7 11. h4 Nf6 12. Qxb7 Rc8 13. Na7 Qc7 14. Qxc7 Rxc7
15. Nb5 Rc8 16. Na7 1/2-1/2

[Event "1991 Armed Forces Ch"]
[Site "?"]
[Date "1991.??.??"]
[Round "11"]
[White "Smithwick, J."]
[Black "Murillo, M."]
[Result "1/2-1/2"]
[WhiteElo "2170"]
[BlackElo "2205"]
[PlyCount "31"]
[EventDate "1991.??.??"]

1. d4 d5 2. c4 e6 3. Nc3 Nf6 4. Bg5 Be7 5. Nf3 h6 6. Bxf6 Bxf6 7. e3 O-O 8. Bd3
dxc4 9. Bxc4 c6 10. Qd3 Nd7 11. Bb3 Nc5 12. Qc4 Nxb3 13. Qxb3 b6 14. O-O Bb7
15. Rfd1 Rc8 16. Ne5 1/2-1/2

[Event "1991 Armed Forces Ch"]
[Site "?"]
[Date "1991.??.??"]
[Round "9"]
[White "Moore, B."]
[Black "Regensberg, W."]
[Result "1/2-1/2"]
[WhiteElo "2275"]
[BlackElo "2170"]
[PlyCount "32"]
[EventDate "1991.??.??"]

1. e4 e6 2. d4 d5 3. Nd2 Nf6 4. e5 Nfd7 5. Bd3 c5 6. c3 Nc6 7. Ne2 cxd4 8. cxd4
Qb6 9. Nf3 f6 10. Nc3 fxe5 11. dxe5 g6 12. h4 Bg7 13. h5 Ndxe5 14. hxg6 hxg6
15. Rxh8+ Bxh8 16. Nxe5 Nxe5 1/2-1/2

[Event "1991 Armed Forces Ch"]
[Site "?"]
[Date "1991.??.??"]
[Round "10"]
[White "Moore, B."]
[Black "Murillo, M."]
[Result "1-0"]
[WhiteElo "2275"]
[BlackElo "2205"]
[Annotator "Wall,Bill"]
[PlyCount "31"]
[EventDate "1991.??.??"]

1. e4 c5 2. d4 cxd4 3. c3 dxc3 4. Nxc3 Nc6 5. Nf3 e6 6. Bc4 Qc7 7. Qe2 a6 8.
O-O Bd6 9. Rd1 Nf6 $2 (9... Ne5) 10. Rxd6 Qxd6 11. e5 Qe7 12. exf6 gxf6 13. Bf4
d5 14. Bb3 b5 15. Re1 d4 $2 (15... O-O) 16. Nd5 1-0

[Event "Air Force ch"]
[Site "?"]
[Date "1987.??.??"]
[Round "8"]
[White "Moore, B."]
[Black "Cotreau, K."]
[Result "1/2-1/2"]
[WhiteElo "2275"]
[BlackElo "2155"]
[PlyCount "32"]
[EventDate "1987.??.??"]

1. e4 c6 2. c4 d5 3. exd5 cxd5 4. cxd5 Nf6 5. Bb5+ Nbd7 6. Nc3 a6 7. Qa4 Rb8 8.
Bxd7+ Qxd7 9. Qb3 b5 10. Nf3 Bb7 11. Ne5 Qd6 12. d4 Nxd5 13. Nxb5 Qb6 14. Nc3
Qxb3 15. axb3 Nb4 16. O-O e6 1/2-1/2

[Event "1990 Armed Forces ch"]
[Site "?"]
[Date "1990.??.??"]
[Round "6"]
[White "Balares, J."]
[Black "Beszczynski, T."]
[Result "1-0"]
[WhiteElo "2155"]
[BlackElo "1910"]
[PlyCount "31"]
[EventDate "1990.??.??"]

1. e4 Nf6 2. e5 Nd5 3. Nc3 c6 4. Nf3 d6 5. a4 Bg4 6. Nxd5 cxd5 7. Bb5+ Nc6 8.
d4 e6 9. c3 a6 10. Bxc6+ bxc6 11. O-O dxe5 12. dxe5 Be7 13. Be3 Qc7 14. a5 c5
15. Qa4+ Qd7 16. Qxg4 1-0

[Event "Air Force ch"]
[Site "?"]
[Date "1992.??.??"]
[Round "1"]
[White "Moore, B."]
[Black "Waldowski, P."]
[Result "1/2-1/2"]
[WhiteElo "2260"]
[BlackElo "2135"]
[PlyCount "34"]
[EventDate "1992.??.??"]

1. e4 c5 2. d4 cxd4 3. c3 d5 4. exd5 Qxd5 5. cxd4 Nc6 6. Nf3 e6 7. Nc3 Qd8 8.
Bc4 Nf6 9. O-O Be7 10. Re1 O-O 11. a3 a6 12. Bg5 b5 13. Bd3 h6 14. Be3 Bb7 15.
Bc2 Qd6 16. Qd3 Rfd8 17. Rad1 Rac8 1/2-1/2

[Event "Air Force ch"]
[Site "?"]
[Date "1991.??.??"]
[Round "11"]
[White "Moore, B."]
[Black "Langreck, T."]
[Result "1-0"]
[WhiteElo "2270"]
[BlackElo "1990"]
[PlyCount "33"]
[EventDate "1991.??.??"]

1. e4 e6 2. d4 d5 3. Nd2 c5 4. Ngf3 cxd4 5. Nxd4 Nc6 6. Nxc6 bxc6 7. Bd3 Ne7 8.
O-O Ng6 9. Nf3 Bd6 10. exd5 cxd5 11. Re1 O-O 12. Ng5 f6 13. Nxh7 Ne5 14. Nxf8
Nxd3 15. Nxe6 Bxe6 16. Rxe6 Ne5 17. Qxd5 1-0

[Event "1990 Army ch"]
[Site "?"]
[Date "1990.??.??"]
[Round "9"]
[White "Beszczynski, T."]
[Black "Highley, E."]
[Result "1/2-1/2"]
[WhiteElo "1910"]
[BlackElo "1800"]
[PlyCount "33"]
[EventDate "1990.??.??"]

1. Nf3 c5 2. e3 Nc6 3. d4 d5 4. c4 e6 5. Nc3 dxc4 6. Bxc4 Nf6 7. O-O cxd4 8.
exd4 Be7 9. Be3 O-O 10. Qe2 Qa5 11. Rfd1 Rd8 12. Rac1 Nb4 13. Ne5 Bd7 14. Bg5
Rac8 15. Ne4 Nbd5 16. Bxf6 Nxf6 17. Nxf6+ 1/2-1/2

[Event "1991 Armed Forces Ch"]
[Site "?"]
[Date "1991.??.??"]
[Round "4"]
[White "Murillo, M."]
[Black "Langreck, J."]
[Result "1-0"]
[WhiteElo "2205"]
[BlackElo "2040"]
[PlyCount "36"]
[EventDate "1991.??.??"]

1. g3 Nf6 2. Bg2 d5 3. c4 c5 4. cxd5 Nxd5 5. Qb3 Nb4 6. Nc3 e6 7. a3 N4c6 8. e3
Be7 9. Nf3 O-O 10. O-O b6 11. d4 cxd4 12. exd4 Bb7 13. Rd1 Na5 14. Qc2 Qc8 15.
Bf4 Bf6 16. Rac1 Qc4 17. Nd2 Qa6 18. Bf1 b5 1-0

[Event "1991 Armed Forces Ch"]
[Site "?"]
[Date "1991.??.??"]
[Round "5"]
[White "Lankey, b"]
[Black "Rea, A."]
[Result "1/2-1/2"]
[WhiteElo "2185"]
[BlackElo "2150"]
[PlyCount "36"]
[EventDate "1991.??.??"]

1. e4 e6 2. d4 d5 3. e5 c5 4. c3 Nc6 5. Nf3 Nge7 6. a3 c4 7. g3 Bd7 8. Bg2 Na5
9. Nbd2 Nc8 10. O-O Nb6 11. Qe2 Be7 12. Ne1 Ba4 13. f4 Qd7 14. g4 O-O-O 15. f5
Rdf8 16. Bh3 g6 17. Kh1 Qe8 18. Rb1 Bd7 1/2-1/2

[Event "Air Force ch"]
[Site "?"]
[Date "1989.??.??"]
[Round "1"]
[White "Lankey, B."]
[Black "Tate, E."]
[Result "0-1"]
[WhiteElo "2230"]
[BlackElo "2450"]
[PlyCount "36"]
[EventDate "1989.??.??"]

1. d4 Nf6 2. Nf3 c5 3. e3 g6 4. c4 Bg7 5. Nc3 O-O 6. g3 d5 7. dxc5 Qa5 8. cxd5
Nxd5 9. Qxd5 Bxc3+ 10. bxc3 Qxc3+ 11. Qd2 Qxa1 12. Nd4 Rd8 13. Qc2 Nc6 14. Nb3
Qf6 15. Be2 Bh3 16. Bb2 Nb4 17. Qb1 Qc6 18. Rg1 Bf5 0-1

[Event "1991 Armed Forces Ch"]
[Site "?"]
[Date "1991.??.??"]
[Round "11"]
[White "Lacno, D."]
[Black "Crook, C."]
[Result "1/2-1/2"]
[WhiteElo "2065"]
[BlackElo "2125"]
[PlyCount "36"]
[EventDate "1991.??.??"]

1. e4 c6 2. d4 d5 3. exd5 cxd5 4. Bd3 Nc6 5. c3 g6 6. Bf4 Nh6 7. Na3 Bf5 8. Nb5
Rc8 9. Bxh6 Bxd3 10. Bxf8 Bxb5 11. Bh6 e5 12. Bg7 Rg8 13. Bxe5 Qg5 14. Nf3 Qxg2
15. Rg1 Qh3 16. Ng5 Qf5 17. Qf3 Qxf3 18. Nxf3 Nxe5 1/2-1/2

[Event "1991 Armed Forces Ch"]
[Site "?"]
[Date "1991.??.??"]
[Round "3"]
[White "Barcarola, L."]
[Black "Lane, P."]
[Result "0-1"]
[WhiteElo "2160"]
[BlackElo "2105"]
[PlyCount "36"]
[EventDate "1991.??.??"]

1. d4 Nf6 2. c4 g6 3. Nc3 Bg7 4. e4 d6 5. f3 O-O 6. Be3 b6 7. Bd3 c5 8. d5 e6
9. Nge2 exd5 10. cxd5 Nbd7 11. g4 c4 12. Bc2 Ne5 13. Ng3 Nfxg4 14. fxg4 Bxg4
15. Qc1 Qh4 16. Nce2 f5 17. exf5 Rae8 18. Nd4 Nd3+ 0-1

[Event "1991 Armed Forces Ch"]
[Site "?"]
[Date "1991.??.??"]
[Round "10"]
[White "Barcarola, L."]
[Black "Lacno, D."]
[Result "0-1"]
[WhiteElo "2160"]
[BlackElo "2065"]
[PlyCount "36"]
[EventDate "1991.??.??"]

1. e4 d6 2. d4 g6 3. f4 Bg7 4. Nf3 Nf6 5. Bd3 O-O 6. O-O Nbd7 7. c3 c5 8. h3
cxd4 9. cxd4 Qb6 10. Qb3 Nh5 11. Qxb6 Nxb6 12. Be3 Bd7 13. Nbd2 Bh6 14. Nh2 f5
15. Nc4 fxe4 16. Nxb6 axb6 17. Bxe4 Ng3 18. Bxb7 Nxf1 0-1

[Event "Air Force ch"]
[Site "?"]
[Date "1989.??.??"]
[Round "8"]
[White "Waldowski, P."]
[Black "Dean, M."]
[Result "1-0"]
[WhiteElo "2060"]
[BlackElo "2215"]
[PlyCount "37"]
[EventDate "1989.??.??"]

1. e4 e6 2. d4 d5 3. e5 c5 4. Nf3 Nc6 5. Bd3 f5 6. c3 Qb6 7. O-O Bd7 8. dxc5
Bxc5 9. b4 Be7 10. Be3 Qc7 11. Na3 a6 12. Nc2 O-O-O 13. a4 d4 14. cxd4 Nxb4 15.
Nxb4 Bxb4 16. Qb3 Be7 17. Rfc1 Bc6 18. Qxe6+ Qd7 19. Bxf5 1-0

[Event "Air Force ch"]
[Site "?"]
[Date "1991.??.??"]
[Round "5"]
[White "Moore, B."]
[Black "Richey, C."]
[Result "1/2-1/2"]
[WhiteElo "2270"]
[BlackElo "2080"]
[PlyCount "37"]
[EventDate "1991.??.??"]

1. e4 d6 2. d4 Nf6 3. Nc3 g6 4. h3 Bg7 5. Nf3 O-O 6. Be3 c6 7. a4 Nbd7 8. Be2
e5 9. dxe5 dxe5 10. Nd2 Qe7 11. O-O Nc5 12. Qc1 Ne6 13. Nc4 Nd4 14. Bd3 Nd7 15.
Ne2 Nxe2+ 16. Bxe2 Nc5 17. Nd2 Ne6 18. Nf3 Nd4 19. Bd1 1/2-1/2

[Event "Air Force ch"]
[Site "?"]
[Date "1989.??.??"]
[Round "4"]
[White "Lank, J."]
[Black "Moore, B."]
[Result "1/2-1/2"]
[WhiteElo "2175"]
[BlackElo "2265"]
[PlyCount "38"]
[EventDate "1989.??.??"]

1. e4 c5 2. Nf3 d6 3. d4 cxd4 4. Nxd4 Nf6 5. Nc3 a6 6. f4 Nbd7 7. Be2 g6 8. Nf3
Bg7 9. e5 dxe5 10. fxe5 Ng4 11. e6 fxe6 12. Ng5 Bxc3+ 13. bxc3 Ngf6 14. Nxe6
Qb6 15. Ng7+ Kf7 16. Bh6 Ne5 17. Rf1 Rd8 18. Qb1 Qxb1+ 19. Rxb1 Bg4 1/2-1/2

[Event "Air Force ch"]
[Site "?"]
[Date "1988.??.??"]
[Round "1"]
[White "Hood, A."]
[Black "Moore, B."]
[Result "1/2-1/2"]
[WhiteElo "2065"]
[BlackElo "2270"]
[PlyCount "37"]
[EventDate "1988.??.??"]

1. e4 c5 2. Nf3 d6 3. Nc3 Nf6 4. Bc4 e6 5. d4 cxd4 6. Nxd4 a6 7. Bb3 b5 8. a3
Be7 9. Qe2 O-O 10. Be3 Bb7 11. f3 Qa5 12. O-O Nbd7 13. g4 Nc5 14. g5 Nfd7 15.
Ba2 b4 16. axb4 Qxb4 17. Qc4 Qxc4 18. Bxc4 Rfc8 19. Ba2 1/2-1/2

[Event "Air Force ch"]
[Site "?"]
[Date "1991.??.??"]
[Round "11"]
[White "Hampel, R."]
[Black "Richey, C."]
[Result "1/2-1/2"]
[WhiteElo "2135"]
[BlackElo "2115"]
[PlyCount "38"]
[EventDate "1991.??.??"]

1. e4 Nc6 2. d4 d5 3. exd5 Qxd5 4. Be3 e5 5. Nc3 Bb4 6. Qd2 Qa5 7. dxe5 Nxe5 8.
Bd4 f6 9. a3 Bg4 10. f3 Bf5 11. Rd1 Bxc3 12. Bxc3 Qb6 13. g4 $5 Qxg1 $5 14.
Bxe5 (14. Rxg1 $5 Nxf3+ 15. Kf2 Nxd2 16. gxf5 (16. Rxd2 Bd7 17. Bc4 O-O-O 18.
Rgd1 Ne7 19. Rxd7 Rxd7 20. Be6 Rhd8 21. g5 $1 $18 {Analysis - H. Jones}) 16...
Nxf1 {16...Ne4+ (H. Jones)} 17. Rxg7 Nxh2 18. Re1+ Kd8 19. Rf7 Ng4+ 20. Kg3 $18
{Analysis - H. Jones}) 14... Qxh1 15. gxf5 fxe5 16. Qd7+ Kf8 17. Qxc7 Nf6 18.
Qd6+ Kf7 19. Qe6+ Kf8 1/2-1/2

[Event "Air Force ch"]
[Site "?"]
[Date "1992.??.??"]
[Round "8"]
[White "Moore, B."]
[Black "Wilson, M."]
[Result "1-0"]
[WhiteElo "2260"]
[BlackElo "1930"]
[PlyCount "39"]
[EventDate "1992.??.??"]

1. e4 c5 2. d4 cxd4 3. c3 d5 4. exd5 Qxd5 5. cxd4 Nc6 6. Nf3 e5 7. Nc3 Bb4 8.
Bd2 Bxc3 9. Bxc3 exd4 10. Nxd4 Nge7 11. Nxc6 Qxc6 12. Qd4 Bh3 13. O-O-O Qh6+
14. f4 Be6 15. Bb5+ Nc6 16. Qd6 Rc8 17. Rhe1 a5 18. Qd7+ Kf8 19. Qxc8+ Bxc8 20.
Rd8+ 1-0

[Event "1991 Armed Forces Ch"]
[Site "?"]
[Date "1991.??.??"]
[Round "4"]
[White "Moore, B."]
[Black "McMahon, D."]
[Result "1/2-1/2"]
[WhiteElo "2275"]
[BlackElo "2020"]
[PlyCount "40"]
[EventDate "1991.??.??"]

1. e4 e5 2. Nf3 Nc6 3. d4 exd4 4. Nxd4 Nf6 5. Nxc6 bxc6 6. e5 Qe7 7. Qe2 Nd5 8.
Nd2 Nb4 9. Nf3 Ba6 10. c4 d5 11. b3 dxc4 12. bxc4 Rd8 13. Qe4 Qd7 14. Bd2 c5
15. Be2 Qc6 16. Qxc6+ Nxc6 17. O-O Nxe5 18. Nxe5 Rxd2 19. Rfe1 Bd6 20. Nf3 Rb2
1/2-1/2

[Event "Air Force ch"]
[Site "?"]
[Date "1992.??.??"]
[Round "9"]
[White "Barcarola, L."]
[Black "Smith, B."]
[Result "1-0"]
[WhiteElo "2100"]
[BlackElo "1815"]
[PlyCount "39"]
[EventDate "1992.??.??"]

1. e4 c5 2. Nf3 d6 3. d4 cxd4 4. Nxd4 Nf6 5. Nc3 a6 6. Bc4 e6 7. Bb3 Be7 8. O-O
O-O 9. f4 Nbd7 10. Be3 Qc7 11. Bxe6 Nb6 12. Bxc8 Raxc8 13. Nf5 Nc4 14. Bd4 Nxb2
15. Qf3 Nc4 16. Qg3 g6 17. Qg5 Qd8 18. Nxe7+ Qxe7 19. Bxf6 Qe6 20. f5 1-0

[Event "1990 Armed Forces ch"]
[Site "?"]
[Date "1990.??.??"]
[Round "7"]
[White "Thrasher, C."]
[Black "Highley, E."]
[Result "1/2-1/2"]
[WhiteElo "2015"]
[BlackElo "1755"]
[PlyCount "41"]
[EventDate "1990.??.??"]

1. b4 d5 2. e3 Nf6 3. c4 Bf5 4. Nf3 e6 5. cxd5 Nxd5 6. a3 Be7 7. Bb2 Bf6 8. Qb3
O-O 9. Be2 Nd7 10. Bxf6 Qxf6 11. O-O c6 12. d4 e5 13. dxe5 Nxe5 14. Nxe5 Qxe5
15. Nd2 Qc3 16. Qxc3 Nxc3 17. Bf3 Be6 18. Ne4 Nxe4 19. Bxe4 Rfd8 20. h3 g6 21.
Kh2 1/2-1/2

[Event "1990 Armed Forces ch"]
[Site "?"]
[Date "1990.??.??"]
[Round "5"]
[White "Regensberg, W."]
[Black "Rivera, N."]
[Result "1/2-1/2"]
[WhiteElo "2125"]
[BlackElo "2145"]
[PlyCount "42"]
[EventDate "1990.??.??"]

1. d4 Nf6 2. c4 e6 3. Nc3 c5 4. d5 exd5 5. cxd5 d6 6. e4 g6 7. Nf3 Bg7 8. Be2
O-O 9. O-O Nbd7 10. Nd2 Re8 11. Qc2 a6 12. a4 Ne5 13. f4 Neg4 14. Nc4 Qe7 15.
Bf3 Nh5 16. Ne2 Qh4 17. h3 Ng3 18. Bxg4 Nxf1 19. Kxf1 Bxg4 20. hxg4 Rad8 21. g5
f6 1/2-1/2

[Event "Air Force ch"]
[Site "?"]
[Date "1988.??.??"]
[Round "2"]
[White "Moore, B."]
[Black "Lank, J."]
[Result "1/2-1/2"]
[WhiteElo "2270"]
[BlackElo "2090"]
[PlyCount "42"]
[EventDate "1988.??.??"]

1. e4 c6 2. c4 d5 3. exd5 cxd5 4. d4 Nf6 5. Nc3 g6 6. Qb3 Bg7 7. cxd5 O-O 8.
Nge2 Re8 9. g3 e6 10. dxe6 Bxe6 11. Qxb7 Nbd7 12. Bg2 Rb8 13. Qxa7 Bc4 14. Bf3
Re7 15. Be3 Ne5 16. dxe5 Rxa7 17. Bxa7 Rxb2 18. exf6 Qd2+ 19. Kf1 Bxf6 20. Kg2
Bxc3 21. Rhd1 Bxe2 1/2-1/2

[Event "1990 Armed Forces ch"]
[Site "?"]
[Date "1990.??.??"]
[Round "10"]
[White "Crook, C."]
[Black "Teraoka, L."]
[Result "1/2-1/2"]
[WhiteElo "1980"]
[BlackElo "2210"]
[PlyCount "42"]
[EventDate "1990.??.??"]

1. f4 d5 2. g3 Nf6 3. Bg2 Bf5 4. Nf3 e6 5. d3 Bc5 6. e3 Nbd7 7. O-O Qe7 8. Qe2
O-O-O 9. Nbd2 h5 10. Nb3 Bb6 11. a4 a6 12. d4 Ne4 13. a5 Ba7 14. Nbd2 Bg4 15.
Qe1 Ndf6 16. Nxe4 Nxe4 17. Ne5 Bf5 18. b3 f6 19. Ba3 Qe8 20. Nf3 Nd6 21. Qd1
Be4 1/2-1/2